Quiz Harry Potter - Statistiques

Statistiques générales
  • Ce quiz a été pris 89 fois
  • Le résultat moyen est 11 sur 15
Statistiques - réponses
Questions Réponses % Correct
Objet donné par erreur à Dobby par Lucius Malfoy qui rend Dobby libre. Une chaussette
92%
Qui a torturé les parents de Neville Longdubat ? Barty Croupton Jr. | Bellatrix Lestrange | Rodolphus Lestrange | Rabastan Lestrange
91%
Une sorcière ou un sorcier qui peut se transformer en animal à volonté. Un animagus
82%
Le nom de l'araignée de compagnie de Hagrid. Aragog
80%
Qui tue Bellatrix Lestrange Molly Weasley
80%
Qui a tué Rogue ? Nagini
80%
Quel objet a été utilisé comme portoloin pour aller à la Coupe du Monde de Qudditch ? Une chaussure
77%
Cette poudre vous permet de voyager d'une cheminée à l'autre dans des flammes vertes. La poudre de cheminette
75%
Quel sort ont-ils utilisé ? Doloris
71%
Dans quelle école Viktor Krum a-t-il étudié ? Durmstrang
68%
De quelle gare part le Poudlard Express ? King's Cross
65%
Où habitaient les parents de Harry ? Godric's Hollow
63%
L'action de se déplacer d'un endroit à un autre grace à la magie. Le transplanage
58%
Le prénom du père de Cedric Diggory Amos Diggory
57%
Ce sort tranche la peau de l'adversaire et le fait instantanément saigner. Sectumsempra
54%
Aucun quiz correspondant
Distribution des résultats
% des personnes avec chaque résultat
Percentile par nombre de réponses
Votre historique - résultats
Vous n’avez pas pris ce quiz